| 000 | 00774cam a22002177a 4500 | ||
|---|---|---|---|
| 001 | 14275160 | ||
| 005 | 20131106105924.0 | ||
| 008 | 060223s2007 at a b 001 0 eng d | ||
| 020 | _a0534423698 | ||
| 082 | 0 | 0 |
_a005.3 _222 _bHAI |
| 100 | 1 |
_aHailperin, Max. _934391 |
|
| 245 | 1 | 0 |
_aOperating systems and middleware : _bsupporting controlled interaction / _cMax Hailperin. |
| 260 |
_aAustralia ; _aBoston, Mass. : _bThomson Course Technology, _cc2007. |
||
| 300 |
_axxii, 474 p. : _bill. ; _c25 cm. |
||
| 504 | _aIncludes bibliographical references (p. 434-443) and index. | ||
| 650 | 0 |
_aMiddleware. _934392 |
|
| 650 | 0 |
_aOperating systems (Computers) _934393 |
|
| 650 | 0 |
_aComputer software _xDevelopment. _934394 |
|
| 653 |
_bCS _cNovember2013 |
||
| 942 |
_2ddc _cBB _k005.3 HAI |
||
| 999 |
_c17738 _d17710 |
||